[Event "Heldur Valgmäe I Rapid Memorial"]
[Site "Viljandi, Estonia"]
[Date "2021.07.03"]
[Round "7.5"]
[White "Dubrovin, Robert"]
[Black "Valgmae, Toomas"]
[Result "1-0"]
[WhiteElo "2338"]
[BlackElo "2368"]

1. d4 {[%clk 00:15:04]} {[%emt 00:05:26]} d5 {[%clk 00:15:03]} {[%emt
00:00:01]} 2. c4 {[%clk 00:15:04]} {[%emt 00:00:02]} c6 {[%clk 00:15:04]} 3.
Nf3 {[%clk 00:15:04]} {[%emt 00:00:02]} Nf6 {[%clk 00:15:05]} {[%emt 00:00:01]}
4. Nc3 {[%clk 00:15:06]} dxc4 {[%clk 00:15:06]} {[%emt 00:00:03]} 5. a4 {[%clk
00:15:07]} Bf5 {[%clk 00:15:06]} 6. e3 {[%clk 00:15:08]} {[%emt 00:00:01]} e6
{[%clk 00:15:07]} {[%emt 00:00:01]} 7. Bxc4 {[%clk 00:15:09]} {[%emt 00:00:01]}
Bb4 {[%clk 00:15:08]} 8. O-O {[%clk 00:15:09]} {[%emt 00:00:02]} O-O {[%clk
00:15:08]} {[%emt 00:00:02]} 9. Nh4 {[%clk 00:15:10]} Bg4 {[%clk 00:15:08]}
{[%emt 00:00:03]} 10. f3 {[%clk 00:15:11]} {[%emt 00:00:01]} Bh5 {[%clk
00:15:09]} 11. g4 {[%clk 00:15:13]} Nd5 {[%clk 00:15:10]} 12. Ng2 {[%clk
00:15:10]} {[%emt 00:00:07]} Bg6 {[%clk 00:15:11]} {[%emt 00:00:01]} 13. Na2
{[%clk 00:14:54]} {[%emt 00:00:18]} Be7 {[%clk 00:13:31]} {[%emt 00:01:41]} 14.
e4 {[%clk 00:14:47]} {[%emt 00:00:09]} Nb6 {[%clk 00:13:09]} {[%emt 00:00:24]}
15. Bb3 {[%clk 00:14:48]} {[%emt 00:00:01]} c5 {[%clk 00:12:28]} {[%emt
00:00:43]} 16. a5 {[%clk 00:14:23]} {[%emt 00:00:27]} c4 {[%clk 00:09:26]}
{[%emt 00:03:03]} 17. Bc2 {[%clk 00:14:23]} {[%emt 00:00:02]} N6d7 {[%clk
00:09:16]} {[%emt 00:00:12]} 18. Nc3 {[%clk 00:13:48]} {[%emt 00:00:36]} Nc6
{[%clk 00:08:47]} {[%emt 00:00:32]} 19. d5 {[%clk 00:09:37]} {[%emt 00:04:13]}
exd5 {[%clk 00:06:40]} {[%emt 00:02:09]} 20. Nxd5 {[%clk 00:09:33]} {[%emt
00:00:06]} Bc5+ {[%clk 00:06:38]} {[%emt 00:00:03]} 21. Be3 {[%clk 00:08:53]}
{[%emt 00:00:42]} Nxa5 {[%clk 00:06:18]} {[%emt 00:00:23]} 22. Qe2 {[%clk
00:06:59]} {[%emt 00:01:56]} b5 {[%clk 00:04:29]} {[%emt 00:01:51]} 23. Rfd1
{[%clk 00:06:43]} {[%emt 00:00:17]} Nc6 {[%clk 00:04:21]} {[%emt 00:00:11]} 24.
f4 {[%clk 00:06:01]} {[%emt 00:00:44]} f6 {[%clk 00:04:04]} {[%emt 00:00:19]}
25. f5 {[%clk 00:04:15]} {[%emt 00:01:49]} Bf7 {[%clk 00:03:59]} {[%emt
00:00:07]} 26. Ngf4 {[%clk 00:03:51]} {[%emt 00:00:26]} Bxe3+ {[%clk 00:03:42]}
{[%emt 00:00:20]} 27. Qxe3 {[%clk 00:03:47]} {[%emt 00:00:06]} Nde5 {[%clk
00:03:39]} {[%emt 00:00:05]} 28. Kh1 {[%clk 00:03:23]} {[%emt 00:00:26]} Re8
{[%clk 00:02:43]} {[%emt 00:00:58]} 29. Qg3 {[%clk 00:03:11]} {[%emt 00:00:13]}
h6 {[%clk 00:02:10]} {[%emt 00:00:36]} 30. h4 {[%clk 00:03:09]} {[%emt
00:00:04]} Bxd5 {[%clk 00:01:18]} {[%emt 00:00:54]} 31. Nxd5 {[%clk 00:02:53]}
{[%emt 00:00:18]} Nf7 {[%clk 00:00:54]} {[%emt 00:00:26]} 32. Ra6 {[%clk
00:02:08]} {[%emt 00:00:46]} Nce5 {[%clk 00:00:53]} {[%emt 00:00:03]} 33. Nxf6+
{[%clk 00:01:29]} {[%emt 00:00:42]} Qxf6 {[%clk 00:00:47]} {[%emt 00:00:08]} 34.
Rxf6 {[%clk 00:01:30]} {[%emt 00:00:01]} gxf6 {[%clk 00:00:48]} {[%emt
00:00:01]} 35. Rd5 {[%clk 00:01:16]} {[%emt 00:00:16]} b4 {[%clk 00:00:40]}
{[%emt 00:00:10]} 36. Bd1 {[%clk 00:01:07]} {[%emt 00:00:10]} a5 {[%clk
00:00:36]} {[%emt 00:00:07]} 37. g5 {[%clk 00:00:58]} {[%emt 00:00:11]} hxg5
{[%clk 00:00:37]} {[%emt 00:00:01]} 38. Bh5 {[%clk 00:00:59]} Re7 {[%clk
00:00:29]} {[%emt 00:00:10]} 39. Bg6 {[%clk 00:00:41]} {[%emt 00:00:19]} Kg7
{[%clk 00:00:25]} {[%emt 00:00:07]} 40. h5 {[%clk 00:00:39]} {[%emt 00:00:04]}
Kh6 {[%clk 00:00:23]} {[%emt 00:00:04]} 41. Qe3 {[%clk 00:00:36]} {[%emt
00:00:05]} Rc7 {[%clk 00:00:20]} {[%emt 00:00:06]} 42. Qb6 {[%clk 00:00:36]}
{[%emt 00:00:02]} Rc6 {[%clk 00:00:15]} {[%emt 00:00:07]} 43. Qb7 {[%clk
00:00:37]} Rac8 {[%clk 00:00:06]} {[%emt 00:00:11]} 44. Rxe5 {[%clk 00:00:16]}
{[%emt 00:00:23]} R8c7 {[%clk 00:00:06]} {[%emt 00:00:02]} 45. Qb8 {[%clk
00:00:16]} {[%emt 00:00:02]} fxe5 {[%clk 00:00:03]} {[%emt 00:00:04]} 46. Qf8#
{[%clk 00:00:16]} {[%emt 00:00:02]} 1-0

[Event "Heldur Valgmäe I Rapid Memorial"]
[Site "Viljandi, Estonia"]
[Date "2021.07.03"]
[Round "8.1"]
[White "Miezis, Normunds"]
[Black "Laurusas, Tomas"]
[Result "1/2-1/2"]
[WhiteElo "2437"]
[BlackElo "2576"]

1. c4 {[%clk 00:15:01]} {[%emt 00:00:01]} c6 {[%clk 00:15:04]} {[%emt
00:00:02]} 2. e4 {[%clk 00:14:57]} {[%emt 00:00:05]} d5 {[%clk 00:15:05]} 3.
cxd5 {[%clk 00:14:56]} {[%emt 00:00:04]} cxd5 {[%clk 00:15:05]} {[%emt
00:00:02]} 4. exd5 {[%clk 00:14:54]} {[%emt 00:00:03]} Nf6 {[%clk 00:15:06]}
{[%emt 00:00:02]} 5. Nc3 {[%clk 00:14:30]} {[%emt 00:00:26]} Nxd5 {[%clk
00:14:59]} {[%emt 00:00:09]} 6. Nf3 {[%clk 00:14:26]} {[%emt 00:00:05]} e6
{[%clk 00:14:42]} {[%emt 00:00:19]} 7. d4 {[%clk 00:14:20]} {[%emt 00:00:08]}
Bb4 {[%clk 00:14:35]} {[%emt 00:00:10]} 8. Bd2 {[%clk 00:14:15]} {[%emt
00:00:06]} Nc6 {[%clk 00:14:35]} {[%emt 00:00:03]} 9. Bd3 {[%clk 00:12:37]}
{[%emt 00:01:38]} O-O {[%clk 00:14:29]} {[%emt 00:00:08]} 10. O-O {[%clk
00:12:21]} {[%emt 00:00:19]} Be7 {[%clk 00:14:28]} {[%emt 00:00:02]} 11. Rc1
{[%clk 00:11:31]} {[%emt 00:00:52]} Nxc3 {[%clk 00:11:38]} {[%emt 00:02:53]} 12.
bxc3 {[%clk 00:11:16]} {[%emt 00:00:17]} b6 {[%clk 00:11:37]} {[%emt 00:00:04]}
13. Qe2 {[%clk 00:10:27]} {[%emt 00:00:51]} Bb7 {[%clk 00:11:34]} {[%emt
00:00:05]} 14. Qe4 {[%clk 00:10:04]} {[%emt 00:00:24]} g6 {[%clk 00:11:33]}
{[%emt 00:00:03]} 15. Bh6 {[%clk 00:09:48]} {[%emt 00:00:17]} Re8 {[%clk
00:11:29]} {[%emt 00:00:07]} 16. Rfe1 {[%clk 00:08:39]} {[%emt 00:01:11]} Nb4
{[%clk 00:10:31]} {[%emt 00:01:01]} 17. Qe2 {[%clk 00:07:36]} {[%emt 00:01:04]}
Nxd3 {[%clk 00:09:47]} {[%emt 00:00:47]} 18. Qxd3 {[%clk 00:07:35]} {[%emt
00:00:03]} Rc8 {[%clk 00:09:45]} {[%emt 00:00:04]} 19. Ne5 {[%clk 00:07:11]}
{[%emt 00:00:25]} Bg5 {[%clk 00:08:38]} {[%emt 00:01:10]} 20. Bxg5 {[%clk
00:06:36]} {[%emt 00:00:37]} Qxg5 {[%clk 00:08:38]} {[%emt 00:00:03]} 21. f3
{[%clk 00:06:21]} {[%emt 00:00:16]} f6 {[%clk 00:08:14]} {[%emt 00:00:26]} 22.
Ng4 {[%clk 00:06:06]} {[%emt 00:00:15]} Kf7 {[%clk 00:08:06]} {[%emt 00:00:11]}
23. Rc2 {[%clk 00:05:06]} {[%emt 00:01:02]} h5 {[%clk 00:06:28]} {[%emt
00:01:41]} 24. Nf2 {[%clk 00:05:04]} {[%emt 00:00:04]} Red8 {[%clk 00:06:01]}
{[%emt 00:00:30]} 25. Rce2 {[%clk 00:04:28]} {[%emt 00:00:37]} Bd5 {[%clk
00:05:51]} {[%emt 00:00:12]} 26. Ne4 {[%clk 00:04:21]} {[%emt 00:00:09]} Qf5
{[%clk 00:05:45]} {[%emt 00:00:08]} 27. Qa6 {[%clk 00:03:46]} {[%emt 00:00:37]}
Rc7 {[%clk 00:05:45]} {[%emt 00:00:02]} 28. Qa3 {[%clk 00:03:38]} {[%emt
00:00:09]} Kg7 {[%clk 00:04:39]} {[%emt 00:01:08]} 29. Re3 {[%clk 00:03:06]}
{[%emt 00:00:33]} h4 {[%clk 00:04:10]} {[%emt 00:00:31]} 30. Nd6 {[%clk
00:02:43]} {[%emt 00:00:25]} Qf4 {[%clk 00:04:10]} {[%emt 00:00:02]} 31. Ne4
{[%clk 00:02:05]} {[%emt 00:00:40]} g5 {[%clk 00:02:42]} {[%emt 00:01:30]} 32.
Nf2 {[%clk 00:01:46]} {[%emt 00:00:21]} Rdc8 {[%clk 00:02:38]} {[%emt
00:00:07]} 33. Nd3 {[%clk 00:01:20]} {[%emt 00:00:28]} Qf5 {[%clk 00:02:38]}
{[%emt 00:00:02]} 34. Nf2 {[%clk 00:01:12]} {[%emt 00:00:10]} Rd8 {[%clk
00:02:28]} {[%emt 00:00:12]} 35. Ne4 {[%clk 00:01:10]} {[%emt 00:00:03]} Qf4
{[%clk 00:02:23]} {[%emt 00:00:07]} 36. Nf2 {[%clk 00:01:09]} {[%emt 00:00:03]}
Qd6 {[%clk 00:02:24]} {[%emt 00:00:02]} 37. Qb2 {[%clk 00:01:03]} {[%emt
00:00:08]} Rdc8 {[%clk 00:01:57]} {[%emt 00:00:29]} 38. Ne4 {[%clk 00:00:56]}
{[%emt 00:00:09]} Bxe4 {[%clk 00:01:50]} {[%emt 00:00:09]} 39. Rxe4 {[%clk
00:00:45]} {[%emt 00:00:12]} Rxc3 {[%clk 00:01:50]} {[%emt 00:00:03]} 40. Rxe6
{[%clk 00:00:44]} {[%emt 00:00:03]} Qxd4+ {[%clk 00:01:51]} {[%emt 00:00:01]}
41. Kh1 {[%clk 00:00:41]} {[%emt 00:00:05]} h3 {[%clk 00:01:36]} {[%emt
00:00:18]} 42. gxh3 {[%clk 00:00:31]} {[%emt 00:00:12]} Qf4 {[%clk 00:01:17]}
{[%emt 00:00:21]} 43. Re7+ {[%clk 00:00:19]} {[%emt 00:00:14]} Kh6 {[%clk
00:01:18]} {[%emt 00:00:01]} 44. Qg2 {[%clk 00:00:10]} {[%emt 00:00:09]} Rxf3
{[%clk 00:01:15]} {[%emt 00:00:06]} 45. h4 {[%clk 00:00:06]} {[%emt 00:00:06]}
g4 {[%clk 00:00:51]} {[%emt 00:00:27]} 46. R7e4 {[%clk 00:00:07]} Qxe4 {[%clk
00:00:51]} {[%emt 00:00:03]} 47. Rxe4 {[%clk 00:00:07]} {[%emt 00:00:02]} Rc1+
{[%clk 00:00:52]} 48. Qg1 {[%clk 00:00:08]} {[%emt 00:00:01]} Rxg1+ {[%clk
00:00:43]} {[%emt 00:00:10]} 49. Kxg1 {[%clk 00:00:09]} {[%emt 00:00:01]} Kh5
{[%clk 00:00:41]} {[%emt 00:00:04]} 50. Re7 {[%clk 00:00:08]} {[%emt 00:00:03]}
Ra3 {[%clk 00:00:41]} {[%emt 00:00:02]} 51. Rh7+ {[%clk 00:00:06]} {[%emt
00:00:03]} Kg6 {[%clk 00:00:42]} {[%emt 00:00:02]} 52. Rd7 {[%clk 00:00:06]}
{[%emt 00:00:02]} Rxa2 {[%clk 00:00:41]} {[%emt 00:00:02]} 53. Rd4 {[%clk
00:00:07]} {[%emt 00:00:01]} Kh5 {[%clk 00:00:40]} {[%emt 00:00:03]} 54. Rf4
{[%clk 00:00:08]} {[%emt 00:00:02]} Kxh4 {[%clk 00:00:37]} {[%emt 00:00:06]} 55.
Rxf6 {[%clk 00:00:08]} {[%emt 00:00:01]} b5 {[%clk 00:00:37]} {[%emt 00:00:02]}
56. Rf5 {[%clk 00:00:09]} {[%emt 00:00:02]} b4 {[%clk 00:00:37]} {[%emt
00:00:02]} 57. Rb5 {[%clk 00:00:09]} {[%emt 00:00:02]} a5 {[%clk 00:00:38]}
{[%emt 00:00:01]} 58. Kf1 {[%clk 00:00:08]} {[%emt 00:00:03]} g3 {[%clk
00:00:22]} {[%emt 00:00:18]} 59. hxg3+ {[%clk 00:00:08]} {[%emt 00:00:02]} Kxg3
{[%clk 00:00:23]} {[%emt 00:00:01]} 60. Ke1 {[%clk 00:00:09]} Kf3 {[%clk
00:00:09]} {[%emt 00:00:16]} 61. Kd1 {[%clk 00:00:10]} Ke3 {[%clk 00:00:11]} 62.
Kc1 {[%clk 00:00:11]} {[%emt 00:00:02]} Kd3 {[%clk 00:00:12]} 63. Kb1 {[%clk
00:00:12]} {[%emt 00:00:01]} Kc4 {[%clk 00:00:09]} {[%emt 00:00:05]} 64. Rh5
{[%clk 00:00:10]} {[%emt 00:00:04]} b3 {[%clk 00:00:06]} {[%emt 00:00:04]} 65.
Rh4+ {[%clk 00:00:10]} {[%emt 00:00:02]} Kb5 {[%clk 00:00:07]} {[%emt
00:00:01]} 66. Rh5+ {[%clk 00:00:11]} Kb4 {[%clk 00:00:08]} {[%emt 00:00:02]}
67. Rh4+ {[%clk 00:00:11]} {[%emt 00:00:02]} Ka3 {[%clk 00:00:09]} {[%emt
00:00:01]} 68. Rc4 {[%clk 00:00:11]} {[%emt 00:00:02]} Rh2 {[%clk 00:00:09]}
{[%emt 00:00:02]} 69. Rc1 {[%clk 00:00:11]} {[%emt 00:00:01]} Re2 {[%clk
00:00:06]} {[%emt 00:00:05]} 70. Rg1 {[%clk 00:00:12]} a4 {[%clk 00:00:06]}
{[%emt 00:00:02]} 71. Rh1 {[%clk 00:00:13]} Kb4 {[%clk 00:00:08]} {[%emt
00:00:01]} 72. Rh4+ {[%clk 00:00:14]} Kc3 {[%clk 00:00:08]} {[%emt 00:00:02]}
73. Rh3+ {[%clk 00:00:14]} {[%emt 00:00:02]} Kd2 {[%clk 00:00:06]} {[%emt
00:00:05]} 74. Kb2 {[%clk 00:00:13]} {[%emt 00:00:03]} Kd1+ {[%clk 00:00:06]}
{[%emt 00:00:02]} 75. Kb1 {[%clk 00:00:13]} {[%emt 00:00:03]} Ke1 {[%clk
00:00:05]} {[%emt 00:00:02]} 76. Rg3 {[%clk 00:00:14]} {[%emt 00:00:02]} Kf2
{[%clk 00:00:06]} {[%emt 00:00:01]} 77. Rh3 {[%clk 00:00:14]} {[%emt 00:00:01]}
Kg2 {[%clk 00:00:06]} {[%emt 00:00:02]} 78. Rc3 {[%clk 00:00:14]} {[%emt
00:00:02]} Ra2 {[%clk 00:00:07]} {[%emt 00:00:01]} 79. Rd3 {[%clk 00:00:14]}
{[%emt 00:00:01]} Kf2 {[%clk 00:00:09]} 80. Rh3 {[%clk 00:00:15]} {[%emt
00:00:02]} Ke2 {[%clk 00:00:10]} {[%emt 00:00:01]} 81. Rh2+ {[%clk 00:00:16]}
Kd3 {[%clk 00:00:09]} {[%emt 00:00:03]} 82. Rxa2 {[%clk 00:00:16]} {[%emt
00:00:02]} 1/2-1/2

[Event "Heldur Valgmäe I Rapid Memorial"]
[Site "Viljandi, Estonia"]
[Date "2021.07.03"]
[Round "8.2"]
[White "Pultinevicius, Paulius"]
[Black "Dubrovin, Robert"]
[Result "1-0"]
[WhiteElo "2519"]
[BlackElo "2338"]

1. d4 {[%clk 00:15:03]} e6 {[%clk 00:15:02]} {[%emt 00:00:03]} 2. c4 {[%clk
00:15:02]} {[%emt 00:00:03]} Nf6 {[%clk 00:15:02]} {[%emt 00:00:01]} 3. Nf3
{[%clk 00:14:57]} {[%emt 00:00:07]} b6 {[%clk 00:15:02]} {[%emt 00:00:03]} 4.
a3 {[%clk 00:14:37]} {[%emt 00:00:22]} Bb7 {[%clk 00:15:02]} {[%emt 00:00:02]}
5. Nc3 {[%clk 00:14:37]} {[%emt 00:00:01]} d5 {[%clk 00:15:03]} {[%emt
00:00:01]} 6. cxd5 {[%clk 00:14:08]} {[%emt 00:00:31]} Nxd5 {[%clk 00:15:03]}
{[%emt 00:00:02]} 7. Bd2 {[%clk 00:14:09]} {[%emt 00:00:01]} Be7 {[%clk
00:13:55]} {[%emt 00:01:10]} 8. Qc2 {[%clk 00:14:09]} {[%emt 00:00:03]} Nxc3
{[%clk 00:13:48]} {[%emt 00:00:09]} 9. Bxc3 {[%clk 00:14:08]} {[%emt 00:00:02]}
O-O {[%clk 00:13:20]} {[%emt 00:00:30]} 10. e4 {[%clk 00:14:05]} {[%emt
00:00:05]} c5 {[%clk 00:13:16]} {[%emt 00:00:06]} 11. Rd1 {[%clk 00:13:40]}
{[%emt 00:00:26]} cxd4 {[%clk 00:12:42]} {[%emt 00:00:36]} 12. Rxd4 {[%clk
00:13:24]} {[%emt 00:00:18]} Qc7 {[%clk 00:12:22]} {[%emt 00:00:21]} 13. h4
{[%clk 00:11:16]} {[%emt 00:02:12]} Nc6 {[%clk 00:11:45]} {[%emt 00:00:39]} 14.
Rd2 {[%clk 00:11:09]} {[%emt 00:00:08]} Rfd8 {[%clk 00:11:18]} {[%emt
00:00:30]} 15. Bd3 {[%clk 00:11:04]} {[%emt 00:00:07]} Bd6 {[%clk 00:08:13]}
{[%emt 00:03:08]} 16. e5 {[%clk 00:08:44]} {[%emt 00:02:22]} Nxe5 {[%clk
00:08:09]} {[%emt 00:00:06]} 17. Bxh7+ {[%clk 00:08:44]} {[%emt 00:00:02]} Kh8
{[%clk 00:07:45]} {[%emt 00:00:25]} 18. Ng5 {[%clk 00:08:44]} {[%emt 00:00:02]}
Rd7 {[%clk 00:05:23]} {[%emt 00:02:24]} 19. f4 {[%clk 00:06:46]} {[%emt
00:02:00]} Ng4 {[%clk 00:04:22]} {[%emt 00:01:03]} 20. Qd1 {[%clk 00:03:13]}
{[%emt 00:03:35]} Nf6 {[%clk 00:02:33]} {[%emt 00:01:51]} 21. Bb1 {[%clk
00:01:00]} {[%emt 00:02:15]} Bxf4 {[%clk 00:01:27]} {[%emt 00:01:09]} 22. Rxd7
{[%clk 00:00:51]} {[%emt 00:00:10]} Qxd7 {[%clk 00:01:10]} {[%emt 00:00:19]} 23.
Qxd7 {[%clk 00:00:44]} {[%emt 00:00:10]} Nxd7 {[%clk 00:01:11]} 24. Nxf7+
{[%clk 00:00:43]} {[%emt 00:00:03]} Kg8 {[%clk 00:01:10]} {[%emt 00:00:02]} 25.
Ng5 {[%clk 00:00:44]} Bd5 {[%clk 00:00:58]} {[%emt 00:00:15]} 26. O-O {[%clk
00:00:28]} {[%emt 00:00:15]} Rf8 {[%clk 00:00:52]} {[%emt 00:00:11]} 27. Kh1
{[%clk 00:00:06]} {[%emt 00:00:24]} Bg3 {[%clk 00:00:30]} {[%emt 00:00:24]} 28.
Rxf8+ {[%clk 00:00:03]} {[%emt 00:00:05]} Kxf8 {[%clk 00:00:18]} {[%emt
00:00:14]} 29. h5 {[%clk 00:00:05]} Bf4 {[%clk 00:00:16]} {[%emt 00:00:04]} 30.
Ne4 {[%clk 00:00:04]} {[%emt 00:00:03]} Kf7 {[%clk 00:00:12]} {[%emt 00:00:05]}
31. Kg1 {[%clk 00:00:05]} {[%emt 00:00:01]} Nf6 {[%clk 00:00:05]} {[%emt
00:00:09]} 32. Nxf6 {[%clk 00:00:05]} {[%emt 00:00:02]} gxf6 {[%clk 00:00:06]}
33. Kf2 {[%clk 00:00:05]} {[%emt 00:00:02]} f5 {[%clk 00:00:05]} {[%emt
00:00:03]} 34. Bd3 {[%clk 00:00:06]} {[%emt 00:00:02]} Bh6 {[%clk 00:00:04]}
{[%emt 00:00:03]} 35. Be2 {[%clk 00:00:06]} {[%emt 00:00:02]} Bg7 {[%clk
00:00:04]} {[%emt 00:00:01]} 36. g4 {[%clk 00:00:04]} {[%emt 00:00:04]} Bxc3
{[%clk 00:00:04]} {[%emt 00:00:02]} 37. bxc3 {[%clk 00:00:04]} fxg4 {[%clk
00:00:04]} {[%emt 00:00:02]} 38. Bxg4 {[%clk 00:00:06]} Kf6 {[%clk 00:00:06]}
39. Ke3 {[%clk 00:00:06]} {[%emt 00:00:02]} Kg5 {[%clk 00:00:07]} 40. Be2
{[%clk 00:00:04]} {[%emt 00:00:05]} e5 {[%clk 00:00:08]} {[%emt 00:00:01]} 41.
c4 {[%clk 00:00:05]} Bf7 {[%clk 00:00:09]} 42. Ke4 {[%clk 00:00:05]} {[%emt
00:00:01]} Kf6 {[%clk 00:00:09]} {[%emt 00:00:03]} 43. h6 {[%clk 00:00:05]}
{[%emt 00:00:02]} Bg6+ {[%clk 00:00:10]} 44. Kd5 {[%clk 00:00:07]} {[%emt
00:00:01]} e4 {[%clk 00:00:08]} {[%emt 00:00:04]} 45. Kc6 {[%clk 00:00:03]}
{[%emt 00:00:06]} Ke5 {[%clk 00:00:04]} {[%emt 00:00:05]} 46. Kb7 {[%clk
00:00:04]} {[%emt 00:00:01]} Kd4 {[%clk 00:00:03]} 47. Kxa7 {[%emt 00:00:05]}
Ke3 48. Bg4 {[%clk 00:00:05]} {[%emt 00:00:02]} Kf4 {[%clk 00:00:05]} 49. Bd1
{[%clk 00:00:06]} Ke3 {[%clk 00:00:06]} {[%emt 00:00:02]} 50. Kxb6 {[%clk
00:00:07]} {[%emt 00:00:01]} Kd2 {[%clk 00:00:07]} 51. Bg4 {[%clk 00:00:08]} e3
{[%clk 00:00:09]} {[%emt 00:00:01]} 52. c5 {[%clk 00:00:08]} {[%emt 00:00:01]}
Bf5 {[%clk 00:00:10]} 53. Bh5 {[%clk 00:00:09]} {[%emt 00:00:01]} Bg6 {[%clk
00:00:11]} 54. Bf3 {[%clk 00:00:08]} {[%emt 00:00:04]} Be4 {[%clk 00:00:12]}
{[%emt 00:00:01]} 55. Bg4 {[%clk 00:00:09]} Bf5 {[%clk 00:00:13]} {[%emt
00:00:01]} 56. Bxf5 {[%clk 00:00:09]} {[%emt 00:00:01]} e2 {[%clk 00:00:15]} 57.
h7 {[%clk 00:00:10]} e1=Q {[%clk 00:00:15]} {[%emt 00:00:02]} 58. h8=Q {[%clk
00:00:12]} 1-0

[Event "Heldur Valgmäe I Rapid Memorial"]
[Site "Viljandi, Estonia"]
[Date "2021.07.03"]
[Round "8.4"]
[White "Kulaots, Kaido"]
[Black "Vardanyan, Aras"]
[Result "0-1"]
[WhiteElo "2560"]
[BlackElo "2184"]

1. e4 {[%clk 00:15:02]} {[%emt 00:00:01]} c5 {[%clk 00:15:02]} {[%emt
00:00:02]} 2. Nf3 {[%clk 00:15:02]} {[%emt 00:00:02]} d6 {[%clk 00:15:03]}
{[%emt 00:00:01]} 3. d4 {[%clk 00:15:03]} {[%emt 00:00:02]} cxd4 {[%clk
00:15:03]} {[%emt 00:00:02]} 4. Nxd4 {[%clk 00:15:04]} Nf6 {[%clk 00:15:04]}
{[%emt 00:00:01]} 5. Nc3 {[%clk 00:15:04]} {[%emt 00:00:01]} a6 {[%clk
00:15:05]} 6. h3 {[%clk 00:14:57]} {[%emt 00:00:09]} e5 {[%clk 00:15:00]}
{[%emt 00:00:08]} 7. Nde2 {[%clk 00:14:49]} {[%emt 00:00:10]} h5 {[%clk
00:14:56]} {[%emt 00:00:06]} 8. Bg5 {[%clk 00:14:43]} {[%emt 00:00:08]} Be6
{[%clk 00:14:56]} {[%emt 00:00:02]} 9. Bxf6 {[%clk 00:14:42]} {[%emt 00:00:02]}
Qxf6 {[%clk 00:14:50]} {[%emt 00:00:08]} 10. Nd5 {[%clk 00:14:43]} {[%emt
00:00:01]} Qd8 {[%clk 00:14:50]} {[%emt 00:00:03]} 11. Qd3 {[%clk 00:14:43]}
{[%emt 00:00:01]} Nd7 {[%clk 00:14:43]} {[%emt 00:00:09]} 12. O-O-O {[%clk
00:14:41]} {[%emt 00:00:04]} g6 {[%clk 00:14:35]} {[%emt 00:00:11]} 13. Kb1
{[%clk 00:14:41]} {[%emt 00:00:02]} Rc8 {[%clk 00:14:33]} {[%emt 00:00:03]} 14.
Qf3 {[%clk 00:12:53]} {[%emt 00:01:49]} h4 {[%clk 00:14:06]} {[%emt 00:00:30]}
15. Nec3 {[%clk 00:12:08]} {[%emt 00:00:47]} b5 {[%clk 00:13:19]} {[%emt
00:00:49]} 16. Be2 {[%clk 00:11:34]} {[%emt 00:00:36]} Bg7 {[%clk 00:12:52]}
{[%emt 00:00:29]} 17. Qe3 {[%clk 00:10:55]} {[%emt 00:00:41]} Nc5 {[%clk
00:11:38]} {[%emt 00:01:17]} 18. a3 {[%clk 00:09:23]} {[%emt 00:01:34]} O-O
{[%clk 00:11:15]} {[%emt 00:00:25]} 19. g4 {[%clk 00:09:05]} {[%emt 00:00:20]}
Rb8 {[%clk 00:10:02]} {[%emt 00:01:15]} 20. g5 {[%clk 00:08:50]} {[%emt
00:00:17]} Rb7 {[%clk 00:08:55]} {[%emt 00:01:10]} 21. Rhg1 {[%clk 00:08:34]}
{[%emt 00:00:17]} Qb8 {[%clk 00:08:02]} {[%emt 00:00:56]} 22. Bg4 {[%clk
00:05:42]} {[%emt 00:02:53]} a5 {[%clk 00:07:27]} {[%emt 00:00:38]} 23. Nf6+
{[%clk 00:05:23]} {[%emt 00:00:20]} Kh8 {[%clk 00:05:00]} {[%emt 00:02:29]} 24.
f4 {[%clk 00:04:36]} {[%emt 00:00:49]} b4 {[%clk 00:04:50]} {[%emt 00:00:12]}
25. Nb5 {[%clk 00:04:00]} {[%emt 00:00:38]} Rxb5 {[%clk 00:04:04]} {[%emt
00:00:48]} 26. Qe1 {[%clk 00:03:49]} {[%emt 00:00:14]} Bxf6 {[%clk 00:04:00]}
{[%emt 00:00:06]} 27. gxf6 {[%clk 00:03:49]} {[%emt 00:00:01]} bxa3 {[%clk
00:03:50]} {[%emt 00:00:13]} 0-1